| 000 | 02494aam a2200301 i 4500 | ||
|---|---|---|---|
| 001 | 11001 | ||
| 003 | CO-MdBIC | ||
| 005 | 20211022111430.0 | ||
| 008 | 210911t2007 sp b|||| |||| 00| 0 eng d | ||
| 020 | _a978-84-8267-518-3 | ||
| 040 |
_bspa. _aCO-MdFUSB _cCO-MdFUSB _dCO-MdFUSBC _erda |
||
| 041 | _aspa | ||
| 082 | 0 | 4 | _aR 487.4 S4796g |
| 100 | 1 | _aSeptién, José Antonio | |
| 245 | 1 | 0 |
_aEl griego bíblico al alcance de todos : un estudio programado del griego del Nuevo Testamento _c/ José Antonio Septién |
| 264 | 1 |
_aViladecavalls, Barcelona : _bClie, _c[2007] |
|
| 264 | 4 | _a© 2007 | |
| 300 |
_a1189 p. _c; |
||
| 336 |
_2rdacontent _atexto _btxt |
||
| 337 |
_2rdamedia _asin mediación _bn |
||
| 338 |
_2rdacarrier _avolumen _bnc |
||
| 505 | _aINTRODUCCIÓN -- LECCIÓN 1: La oración española (I).-- LECCIÓN 2: La oración española (II).-- LECCIÓN 3: El alfabeto y los signos de puntuación. -- LECCIÓN 4: Características del verbo, presente de Indicativo. -- LECCIÓN 5: El sustantivo de segunda declinación (I). -- LECCIÓN 6: El sustantivo de segunda declinación (II). LECCIÓN 7: El adjetivo (I), naturaleza y función del verbo eijmiv. -- LECCIÓN 8: La primera declinación -- LECCIÓN 9: El adjetivo (II). LECCIÓN 10: El Imperfecto. -- LECCIÓN 11: El pronombre personal. -- LECCIÓN 12: El Imperativo Presente, la preposición. -- LECCIÓN 13: El Infinitivo Presente. -- LECCIÓN 14: El futuro. -- LECCIÓN 15: Los pronombres demostrativo y reflexivo. -- LECCIÓN 16: El Aoristo, el verbo compuesto. -- LECCIÓN 17: El Imperativo e Infinitivo Aoristo. -- LECCIÓN 18: La tercera declinación. -- LECCIÓN 19: El pronombre y el adjetivo interrogativo e indefinido tiV ti. -- LECCIÓN 20: La voz pasiva. LECCIÓN 21: La voz media. --LECCIÓN 22: Los verbos contractos. -- LECCIÓN 23: El Perfecto. -- LECCIÓN 24: El Pluscuamperfecto. -- LECCIÓN 25: El Participio (I). -- LECCIÓN 26: El Participio (II). -- LECCIÓN 27: El Participio (II). -- LECCIÓN 28: El Subjuntivo. -- LECCIÓN 29: Los verbos en -mi (I). -- LECCIÓN 30: Los verbos en -mi (II). -- LECCIÓN 31: Proposiciones condicionales, el modo Optativo. \ INDICES \ Partes fundamentales de los verbos \ Vocabulario general clasificado por lección y frecuencia \ Índice de materias e Índice de versículos citados.\ BIBLIOGRAFÍA | ||
| 653 | _aGriego | ||
| 653 | _aBíblico | ||
| 942 | _cBK | ||
| 945 | _aestudiante | ||
| 999 |
_c40376 _d40376 |
||